Stati dell'Asian Development Bank - Statistics

Statistiche generali
  • Questo quiz è stato fatto 2 volte
  • Il punteggio medio è 66 su 68
Statistiche sulle risposte
Nazione % Corretto
Afghanistan
100%
Armenia
100%
Australia
100%
Austria
100%
Azerbaigian
100%
Bangladesh
100%
Belgio
100%
Bhutan
100%
Birmania
100%
Brunei
100%
Cambogia
100%
Canada
100%
Cina
100%
Corea del Sud
100%
Danimarca
100%
Figi
100%
Filippine
100%
Finlandia
100%
Francia
100%
Georgia
100%
Germania
100%
Giappone
100%
India
100%
Indonesia
100%
Irlanda
100%
Isole Marshall
100%
Isole Salomone
100%
Italia
100%
Kazakistan
100%
Kirghizistan
100%
Kiribati
100%
Laos
100%
Lussemburgo
100%
Malaysia
100%
Maldive
100%
Mongolia
100%
Nauru
100%
Nepal
100%
Norvegia
100%
Nuova Zelanda
100%
Paesi Bassi
100%
Pakistan
100%
Palau
100%
Papua Nuova Guinea
100%
Portogallo
100%
Regno Unito
100%
Samoa
100%
Singapore
100%
Spagna
100%
Stati Federati di Micronesia
100%
Stati Uniti
100%
Svezia
100%
Svizzera
100%
Tagikistan
100%
Taiwan
100%
Thailandia
100%
Timor Est
100%
Tonga
100%
Turchia
100%
Turkmenistan
100%
Tuvalu
100%
Uzbekistan
100%
Vanuatu
100%
Vietnam
100%
Hong Kong
50%
Niue
50%
Sri Lanka
50%
Isole Cook
0%
Nessun quiz corrispondente trovato
Distribuzione punteggi
Percentuale di utenti per punteggio
Percentile per numero di risposta
I tuoi punteggi nel tempo
Non hai fatto questo quiz